[Event "CAN-ch High School w"]
[Site "Toronto CAN"]
[Date "1999.03.05"]
[Round "4"]
[White "Lavrovsky, Alexandra"]
[Black "Dobrishman, Liat"]
[Result "1/2-1/2"]
[WhiteElo "1550"]
[BlackElo "1914"]
[PlyCount "71"]
[GameId "2160767911805502"]
[EventDate "1999.03.04"]
[EventType "swiss"]
[EventRounds "7"]
[EventCountry "CAN"]

1. e4 d5 2. exd5 Nf6 3. Bb5+ Bd7 4. Bc4 Bg4 5. Nf3 Nxd5 6. O-O e6 7. h3 Bh5 8. Nc3 c6 9. d3 Bc5 10. Re1 O-O 11. Be3 Bb4 12. Bd2 Nd7 13. a3 Bc5 14. Be3 Bb6 15. d4 Ba5 16. Bd2 Bxc3 17. Bxc3 Qf6 18. Be2 Rad8 19. Ne5 Bxe2 20. Qxe2 Qg5 21. Bd2 Nf4 22. Bxf4 Qxf4 23. Qe3 Qf5 24. Qc3 Nf6 25. Rad1 Rfe8 26. Qd3 Qg5 27. Qe3 Qf5 28. Qd3 Qf4 29. Qe3 Qf5 30. Qd3 c5 31. Qxf5 exf5 32. c3 cxd4 33. cxd4 Re6 34. Nf3 Ne4 35. Kf1 Kf8 36. Rc1 1/2-1/2

[Event "CAN-ch High School w"]
[Site "Toronto CAN"]
[Date "1999.03.06"]
[Round "5"]
[White "Benggawan, Amanda"]
[Black "Khaziyeva, Dinara"]
[Result "0-1"]
[WhiteElo "1866"]
[BlackElo "1800"]
[PlyCount "114"]
[GameId "2160767911805503"]
[EventDate "1999.03.04"]
[EventType "swiss"]
[EventRounds "7"]
[EventCountry "CAN"]

1. e4 c5 2. Nf3 Nf6 3. Nc3 d5 4. exd5 Nxd5 5. Nxd5 Qxd5 6. Bb5+ Bd7 7. Bxd7+ Qxd7 8. d4 e6 9. dxc5 Qxd1+ 10. Kxd1 Bxc5 11. Ke2 Nc6 12. c3 Rd8 13. Bf4 Ke7 14. Rad1 f6 15. Nd2 e5 16. Be3 Bxe3 17. Kxe3 Ke6 18. Ne4 b6 19. f3 Ne7 20. Rhe1 Nd5+ 21. Kf2 Nf4 22. Kf1 Rd3 23. Nf2 Rdd8 24. g3 Nd5 25. f4 Rhf8 26. Kg1 Ne7 27. Nd3 Nc6 28. fxe5 Nxe5 29. Nxe5 fxe5 30. Kg2 Rxd1 31. Rxd1 Rf7 32. Rd2 e4 33. Re2 Ke5 34. Re3 g5 35. h3 h5 36. a3 h4 37. g4 Rf4 38. b3 Kd5 39. a4 a5 40. b4 Kc4 41. bxa5 bxa5 42. Kg1 Kb3 43. Re2 Kxc3 44. Re1 Kb3 45. Rf1 Rxf1+ 46. Kxf1 Kxa4 47. Ke2 Kb3 48. Ke3 a4 49. Kxe4 a3 50. Kf5 a2 51. Kxg5 a1=Q 52. Kxh4 Qh8+ 53. Kg5 Kc4 54. Kg6 Qxh3 55. g5 Kd5 56. Kf6 Qh8+ 57. Kf7 Ke5 0-1

[Event "CAN-ch High School w"]
[Site "Toronto CAN"]
[Date "1999.03.06"]
[Round "5"]
[White "Dobrishman, Liat"]
[Black "Chichkina, Olya"]
[Result "0-1"]
[WhiteElo "1914"]
[BlackElo "1909"]
[PlyCount "108"]
[GameId "2160767911805504"]
[EventDate "1999.03.04"]
[EventType "swiss"]
[EventRounds "7"]
[EventCountry "CAN"]
[SourceTitle "EXT 2000"]
[Source "ChessBase"]
[SourceDate "1999.11.18"]
[SourceVersion "1"]
[SourceVersionDate "1999.11.18"]
[SourceQuality "1"]

1. d4 Nf6 2. c4 g6 3. e3 Bg7 4. Qc2 d6 5. b3 c5 6. Bb2 cxd4 7. Bxd4 b6 8. Nf3 Bb7 9. Nbd2 Nbd7 10. Be2 O-O 11. O-O Rc8 12. Qb2 Rc7 13. Rac1 Qa8 14. Rfd1 Nc5 15. Qa1 Rfc8 16. Nh4 Ne6 17. Bf3 Nxd4 18. Qxd4 Ne4 19. Qd3 Nf6 20. Bxb7 Qxb7 21. Ndf3 d5 22. Nd4 dxc4 23. bxc4 Qa6 24. Nb5 Rd7 25. Qa3 Qxa3 26. Nxa3 Rxd1+ 27. Rxd1 Kf8 28. Kf1 Ke8 29. Nf3 Ne4 30. Nd4 Nd6 31. Ndb5 Nxb5 32. Nxb5 a6 33. Na3 e6 34. Ke2 Bf8 35. Rd3 Rc6 36. Kd2 Bb4+ 37. Kc2 b5 38. Kb3 Bxa3 39. Kxa3 bxc4 40. Rc3 a5 41. Ka4 Rc5 42. f3 Ke7 43. g3 Kd6 44. Ka3 f5 45. Rc1 g5 46. h3 h5 47. Kb2 g4 48. hxg4 hxg4 49. fxg4 fxg4 50. Rd1+ Rd5 51. Re1 Rd3 52. Kc2 Ke5 53. a4 Ke4 54. Re2 Rxe3 0-1

[Event "CAN-ch High School w"]
[Site "Toronto CAN"]
[Date "1999.03.06"]
[Round "5"]
[White "Mogilevsky, Olga"]
[Black "Lavrovsky, Alexandra"]
[Result "1-0"]
[WhiteElo "1889"]
[BlackElo "1550"]
[PlyCount "31"]
[GameId "2160767911805505"]
[EventDate "1999.03.04"]
[EventType "swiss"]
[EventRounds "7"]
[EventCountry "CAN"]

1. e4 c5 2. Nf3 e6 3. d4 cxd4 4. Nxd4 Nf6 5. Nc3 Bb4 6. e5 Ne4 7. Qg4 Nxc3 8. Qxg7 Nd5+ 9. c3 Bxc3+ 10. bxc3 Rf8 11. Nb5 h6 12. Bxh6 Qe7 13. Nd6+ Kd8 14. Qxf8+ Qxf8 15. Bxf8 Nc7 16. h4 1-0

[Event "CAN-ch High School w"]
[Site "Toronto CAN"]
[Date "1999.03.06"]
[Round "5"]
[White "Rodina, Nataliya"]
[Black "Chu, Stefanie"]
[Result "0-1"]
[WhiteElo "1710"]
[BlackElo "2050"]
[PlyCount "108"]
[GameId "2160767911805506"]
[EventDate "1999.03.04"]
[EventType "swiss"]
[EventRounds "7"]
[EventCountry "CAN"]

1. e4 c5 2. Nf3 d6 3. d4 cxd4 4. Nxd4 Nf6 5. Nc3 a6 6. Be2 e6 7. Be3 Be7 8. O-O Nc6 9. Qd2 O-O 10. Rad1 Qc7 11. a4 Rd8 12. Nb3 b6 13. f4 Rb8 14. Kh1 Na5 15. Nxa5 bxa5 16. Rb1 Rb4 17. Bf3 Bb7 18. Qf2 Rc8 19. Rfc1 Nxe4 20. Bxe4 Bxe4 21. Nxe4 Rxe4 22. Bb6 Qc4 23. b3 Qb4 24. g3 d5 25. Be3 Bc5 26. Bxc5 Rxc5 27. Qf1 Qb6 28. Qd3 Qc6 29. Qd2 Rc3 30. Kg1 Qc5+ 31. Qf2 d4 32. Kh1 Qc6 33. Kg1 d3 34. Rd1 Rxc2 35. Rxd3 h6 36. Rd2 Rc3 37. Qg2 Rc1+ 38. Rd1 Rxb1 39. Rxb1 Qd5 40. Qc2 Qd4+ 41. Qf2 Qd3 42. Re1 Rb4 43. Re3 Qb1+ 44. Qf1 Rxb3 45. Qxb1 Rxb1+ 46. Kg2 Rb4 47. Rd3 Rxa4 48. Rd8+ Kh7 49. Ra8 Ra1 50. Rxa6 a4 51. Kf2 a3 52. Kg2 a2 53. Ra7 f6 54. Kh3 e5 0-1

[Event "CAN-ch High School w"]
[Site "Toronto CAN"]
[Date "1999.03.06"]
[Round "6"]
[White "Benggawan, Amanda"]
[Black "Rodina, Nataliya"]
[Result "1-0"]
[WhiteElo "1866"]
[BlackElo "1710"]
[PlyCount "89"]
[GameId "2160767911805507"]
[EventDate "1999.03.04"]
[EventType "swiss"]
[EventRounds "7"]
[EventCountry "CAN"]

1. e4 c5 2. Nf3 Nc6 3. d4 cxd4 4. Nxd4 Nf6 5. Nc3 e5 6. Ndb5 d6 7. Bg5 a6 8. Na3 b5 9. Nd5 Be7 10. Bxf6 Bxf6 11. c3 Bg5 12. Nc2 O-O 13. a4 bxa4 14. Rxa4 Bb7 15. Bd3 Ne7 16. Bc4 Nxd5 17. Bxd5 Bxd5 18. Qxd5 Qb6 19. Nb4 Bc1 20. Qa2 Rfb8 21. O-O Bxb2 22. Qxb2 a5 23. Qa2 Qc5 24. Nd5 Rb7 25. h3 g6 26. Rb1 Rxb1+ 27. Qxb1 Kg7 28. Qb6 Qxb6 29. Nxb6 Rb8 30. Nc4 Rb1+ 31. Kh2 Rf1 32. f3 Rc1 33. Rxa5 Rxc3 34. Nxd6 Rc6 35. Nb7 Rc7 36. Nd8 Rd7 37. Rd5 Rxd5 38. exd5 Kf8 39. Nc6 Ke8 40. Nxe5 Ke7 41. Nc4 f6 42. Kg3 h6 43. Kf4 Kd7 44. g4 Ke7 45. Ke4 1-0

[Event "CAN-ch High School w"]
[Site "Toronto CAN"]
[Date "1999.03.06"]
[Round "6"]
[White "Chichkina, Olya"]
[Black "Mogilevsky, Olga"]
[Result "1-0"]
[WhiteElo "1909"]
[BlackElo "1889"]
[PlyCount "129"]
[GameId "2160767911805508"]
[EventDate "1999.03.04"]
[EventType "swiss"]
[EventRounds "7"]
[EventCountry "CAN"]
[SourceTitle "EXT 2000"]
[Source "ChessBase"]
[SourceDate "1999.11.18"]
[SourceVersion "1"]
[SourceVersionDate "1999.11.18"]
[SourceQuality "1"]

1. e4 e5 2. Nf3 Nc6 3. Bc4 Nf6 4. Ng5 d5 5. exd5 Na5 6. Bb5+ Bd7 7. Qe2 Be7 8. O-O O-O 9. Nc3 a6 10. Bd3 c6 11. dxc6 Nxc6 12. Nge4 Ng4 13. f3 Nd4 14. Qd1 Nh6 15. Ng3 Bh4 16. Nce2 Qb6 17. Kh1 f5 18. b3 Rae8 19. Bb2 Nxe2 20. Nxe2 Bf6 21. Bc4+ Kh8 22. Ba3 Be7 23. Bxe7 Rxe7 24. Nc3 Be6 25. Qe2 Bxc4 26. Qxc4 Qd4 27. Qxd4 exd4 28. Nd5 Re2 29. Rfd1 Rc8 30. Rac1 Nf7 31. Nf4 Re5 32. Nd3 Re7 33. c4 dxc3 34. dxc3 Ne5 35. Nxe5 Rxe5 36. Rc2 Rce8 37. Kg1 Kg8 38. Rcd2 Kf7 39. Rd7+ R8e7 40. Rxe7+ Kxe7 41. Kf2 f4 42. Re1 Ke6 43. Rxe5+ Kxe5 44. Ke2 g5 45. Kd3 h5 46. h3 Kd5 47. c4+ Ke5 48. b4 b6 49. a4 a5 50. bxa5 bxa5 51. Kc3 Kd6 52. Kd4 h4 53. c5+ Kc6 54. Kc4 Kc7 55. Kb5 Kb7 56. c6+ Kc7 57. Kc5 Kc8 58. Kb6 Kb8 59. Kxa5 Kc7 60. Kb5 Kc8 61. a5 Kc7 62. a6 Kb8 63. Kb6 Ka8 64. c7 g4 65. c8=Q# 1-0

[Event "CAN-ch High School w"]
[Site "Toronto CAN"]
[Date "1999.03.06"]
[Round "6"]
[White "Chu, Stefanie"]
[Black "Dobrishman, Liat"]
[Result "1/2-1/2"]
[WhiteElo "2050"]
[BlackElo "1914"]
[PlyCount "59"]
[GameId "2160767911805509"]
[EventDate "1999.03.04"]
[EventType "swiss"]
[EventRounds "7"]
[EventCountry "CAN"]

1. e4 e5 2. Nf3 Nc6 3. Bb5 Nge7 4. c3 a6 5. Ba4 b5 6. Bb3 d5 7. exd5 Nxd5 8. O-O Be7 9. Qe2 Be6 10. Nxe5 Nxe5 11. Qxe5 O-O 12. d4 Bd6 13. Qg5 Be7 14. Qh5 Nf6 15. Qd1 Bg4 16. f3 Bf5 17. Bg5 c5 18. Kh1 cxd4 19. cxd4 Qb6 20. Nc3 Rad8 21. d5 b4 22. Ne4 Bxe4 23. Bxf6 Bxf6 24. fxe4 Bxb2 25. Rb1 Be5 26. Qh5 Qd6 27. Rf3 Rd7 28. Rh3 h6 29. Rf1 Rc7 30. Rhf3 1/2-1/2

[Event "CAN-ch High School w"]
[Site "Toronto CAN"]
[Date "1999.03.06"]
[Round "6"]
[White "Khaziyeva, Dinara"]
[Black "Lavrovsky, Alexandra"]
[Result "1-0"]
[WhiteElo "1800"]
[BlackElo "1550"]
[PlyCount "75"]
[GameId "2160767911805510"]
[EventDate "1999.03.04"]
[EventType "swiss"]
[EventRounds "7"]
[EventCountry "CAN"]

1. c4 c5 2. Nc3 Nc6 3. g3 g6 4. Bg2 Bg7 5. Nf3 Nf6 6. O-O O-O 7. d4 cxd4 8. Nxd4 Nxd4 9. Qxd4 d6 10. Qd3 Rb8 11. Bg5 a6 12. a4 b6 13. Rab1 Bb7 14. b4 Bxg2 15. Kxg2 Qc7 16. Bxf6 Bxf6 17. Nd5 Qb7 18. Kg1 Bg7 19. a5 bxa5 20. bxa5 Qa7 21. Nb6 Rb7 22. Rfd1 Re8 23. Qe4 Rbb8 24. c5 Qc7 25. c6 e6 26. Rdc1 d5 27. Qd3 Bf8 28. Qxa6 Bh6 29. e3 d4 30. Nd7 Rxb1 31. Rxb1 Rd8 32. Qb7 Qc8 33. Nf6+ Kg7 34. c7 Qxb7 35. Rxb7 Rc8 36. Rb8 Rxc7 37. Ne8+ Kf8 38. Nxc7+ 1-0

[Event "CAN-ch High School w"]
[Site "Toronto CAN"]
[Date "1999.03.07"]
[Round "7"]
[White "Dobrishman, Liat"]
[Black "Benggawan, Amanda"]
[Result "1-0"]
[WhiteElo "1914"]
[BlackElo "1866"]
[PlyCount "63"]
[GameId "2160767911805511"]
[EventDate "1999.03.04"]
[EventType "swiss"]
[EventRounds "7"]
[EventCountry "CAN"]

1. d4 d5 2. c4 e6 3. e3 Nf6 4. Nc3 Be7 5. Nf3 O-O 6. Bd3 Nbd7 7. O-O dxc4 8. Bxc4 c5 9. Qb3 cxd4 10. Nxd4 Nc5 11. Qc2 Qc7 12. b3 b6 13. Ncb5 Qb7 14. Be2 e5 15. Bf3 e4 16. Be2 Bg4 17. Bxg4 Nxg4 18. Nf5 Bf6 19. Bb2 Bxb2 20. Qxb2 Nf6 21. Qe5 Ne6 22. Nh6+ Kh8 23. Nd6 Qe7 24. Nhf5 Qc7 25. Rac1 Qb8 26. Rc2 Nc5 27. Qe7 Nd5 28. Nxf7+ Rxf7 29. Qxf7 Qe5 30. Rd1 Nd3 31. Qd7 Rf8 32. Rc8 1-0

[Event "CAN-ch High School w"]
[Site "Toronto CAN"]
[Date "1999.03.07"]
[Round "7"]
[White "Lavrovsky, Alexandra"]
[Black "Chichkina, Olya"]
[Result "0-1"]
[WhiteElo "1550"]
[BlackElo "1909"]
[PlyCount "114"]
[GameId "2160767911805512"]
[EventDate "1999.03.04"]
[EventType "swiss"]
[EventRounds "7"]
[EventCountry "CAN"]
[SourceTitle "EXT 2000"]
[Source "ChessBase"]
[SourceDate "1999.11.18"]
[SourceVersion "1"]
[SourceVersionDate "1999.11.18"]
[SourceQuality "1"]

1. e4 e6 2. d4 d5 3. exd5 exd5 4. c4 Nf6 5. Nf3 dxc4 6. Bxc4 Bb4+ 7. Bd2 Bxd2+ 8. Nbxd2 O-O 9. O-O Nc6 10. Nb3 Bg4 11. h3 Bh5 12. Be2 Re8 13. Re1 Nd5 14. Qd2 Qf6 15. Rad1 Nf4 16. d5 Rad8 17. Bf1 Bxf3 18. gxf3 Ne7 19. Qd4 Qxd4 20. Nxd4 Nexd5 21. Nb3 Kf8 22. Bg2 Rxe1+ 23. Rxe1 Nxg2 24. Kxg2 Nf4+ 25. Kg3 Nd3 26. Rd1 Ke8 27. Rd2 Nb4 28. Re2+ Kd7 29. Re4 Na6 30. Rd4+ Ke7 31. Re4+ Kf6 32. Rf4+ Ke7 33. Re4+ Kf8 34. Re2 Rd6 35. Rc2 b6 36. Kg2 c5 37. a3 Nc7 38. Nd2 Rg6+ 39. Kh2 Ne6 40. Ne4 Nd4 41. Rc3 Re6 42. Ng3 Ne2 43. Rc2 Nd4 44. Rc3 Ne2 45. Rc2 Nxg3 46. fxg3 Ke7 47. Kg2 Kd7 48. Kf2 Kc6 49. Rd2 h5 50. h4 b5 51. Rc2 a5 52. b3 Rd6 53. Ke2 Rd4 54. Rc1 c4 55. bxc4 bxc4 56. Rc3 g6 57. Ke3 Kc5 0-1

[Event "CAN-ch High School w"]
[Site "Toronto CAN"]
[Date "1999.03.07"]
[Round "7"]
[White "Mogilevsky, Olga"]
[Black "Chu, Stefanie"]
[Result "0-1"]
[WhiteElo "1889"]
[BlackElo "2050"]
[PlyCount "78"]
[GameId "2160767911805513"]
[EventDate "1999.03.04"]
[EventType "swiss"]
[EventRounds "7"]
[EventCountry "CAN"]

1. e4 c5 2. Nf3 d6 3. d4 cxd4 4. Nxd4 Nf6 5. Nc3 a6 6. a4 Nc6 7. Nb3 b6 8. Be2 e6 9. O-O Be7 10. g4 O-O 11. g5 Nd7 12. f4 Re8 13. Qd2 Qc7 14. Rf3 Nc5 15. Rh3 Bb7 16. Qe1 Nd7 17. f5 exf5 18. Qh4 Nf8 19. Nd5 Qd8 20. Be3 Ne5 21. Bxb6 Qd7 22. Nc7 Bxe4 23. Nxe8 Qxe8 24. Bd4 Neg6 25. Qf2 Bxg5 26. Be3 Bh4 27. Qf1 Ne6 28. Bd3 Bxd3 29. cxd3 f4 30. Bxf4 Nexf4 31. Rxh4 Qe3+ 32. Qf2 Qxf2+ 33. Kxf2 Nxh4 34. Rd1 Rb8 35. Nd4 Rxb2+ 36. Kg3 Nhg6 37. Rc1 h5 38. Nf5 Ne2+ 39. Kf3 Nxc1 0-1

[Event "CAN-ch High School w"]
[Site "Toronto CAN"]
[Date "1999.03.07"]
[Round "7"]
[White "Rodina, Nataliya"]
[Black "Khaziyeva, Dinara"]
[Result "1/2-1/2"]
[WhiteElo "1710"]
[BlackElo "1800"]
[PlyCount "108"]
[GameId "2160767911805514"]
[EventDate "1999.03.04"]
[EventType "swiss"]
[EventRounds "7"]
[EventCountry "CAN"]

1. e4 c5 2. Nf3 Nf6 3. Nc3 d5 4. exd5 Nxd5 5. Bc4 e6 6. O-O Be7 7. Re1 Nc6 8. a3 O-O 9. Ba2 Bf6 10. Ne4 b6 11. c3 Bb7 12. Bxd5 exd5 13. Nxf6+ Qxf6 14. d4 c4 15. Ne5 Nxe5 16. Rxe5 Rfe8 17. Re3 Rxe3 18. Bxe3 Bc8 19. Qa4 Bf5 20. Re1 h6 21. Bd2 Qg6 22. Kh1 Be4 23. f3 Bc2 24. Qd7 Qh5 25. Re5 Qh4 26. Be1 Qf4 27. Qxd5 Rc8 28. Re7 Bg6 29. Qe5 Qc1 30. Qe2 Bd3 31. Qd2 Qxd2 32. Bxd2 Kf8 33. Re3 Re8 34. Rxe8+ Kxe8 35. Kg1 Ke7 36. Kf2 Ke6 37. Bf4 b5 38. Ke3 a5 39. Bc7 a4 40. h4 Bc2 41. Be5 g6 42. h5 gxh5 43. Bg7 Bd3 44. Bxh6 Bf1 45. Kf2 Bd3 46. Kg3 Bf1 47. Kf2 Bd3 48. g3 Bc2 49. Ke3 Bd1 50. Ke4 Bc2+ 51. Kf4 Bd1 52. Ke3 Bc2 53. f4 f5 54. Kf2 Bd1 1/2-1/2

[Event "CAN-op"]
[Site "Vancouver CAN"]
[Date "1999.07.02"]
[Round "1"]
[White "Aquino, Manfrei"]
[Black "Seid, Hee"]
[Result "1-0"]
[WhiteElo "1974"]
[BlackElo "2217"]
[PlyCount "87"]
[GameId "2160767911742986"]
[EventDate "1999.07.02"]
[EventType "swiss"]
[EventRounds "11"]
[EventCountry "CAN"]
[SourceTitle "CA OP"]
[Source "ade"]

1. d4 d5 2. c4 c6 3. Nc3 Nf6 4. Nf3 e6 5. Bg5 Be7 6. e3 Nbd7 7. c5 b6 8. b4 a5 9. a3 Qc7 10. Bf4 Qa7 11. Rb1 axb4 12. axb4 bxc5 13. bxc5 Nh5 14. Bd3 Nxf4 15. exf4 Bf6 16. Ne5 Qc7 17. O-O g6 18. Rb3 O-O 19. Qe2 Bg7 20. Rfb1 Re8 21. g3 f6 22. Nxc6 Qxc6 23. Bb5 Qc7 24. Nxd5 Qd8 25. Nb6 Ra7 26. Re3 e5 27. fxe5 fxe5 28. f4 e4 29. Nxc8 Qxc8 30. Rd1 Qa8 31. c6 Nf6 32. d5 Ra2 33. Qc4 Qa7 34. d6+ Qf7 35. Qxf7+ Kxf7 36. Bc4+ Kf8 37. Bxa2 Ra8 38. Be6 Ke8 39. Rb3 Bf8 40. Rb7 e3 41. d7+ Nxd7 42. cxd7+ Kd8 43. Kf1 Bc5 44. Rc1 1-0

[Event "CAN-op"]
[Site "Vancouver CAN"]
[Date "1999.07.02"]
[Round "1"]
[White "Arabacioglu, Murat"]
[Black "Reaville, Mike"]
[Result "1-0"]
[WhiteElo "2130"]
[BlackElo "1925"]
[PlyCount "51"]
[GameId "2160767911742987"]
[EventDate "1999.07.02"]
[EventType "swiss"]
[EventRounds "11"]
[EventCountry "CAN"]
[SourceTitle "CA OP"]
[Source "ade"]

1. e4 c5 2. Nf3 d6 3. d4 cxd4 4. Nxd4 Nf6 5. Nc3 g6 6. Be3 Bg7 7. Bc4 O-O 8. f3 b6 9. Qd2 Re8 10. O-O-O Nbd7 11. Nd5 Bb7 12. h4 e6 13. Nc3 Ne5 14. Bb3 Qe7 15. h5 Nxh5 16. g4 Nf6 17. Bg5 Qf8 18. Bxf6 Bxf6 19. g5 Be7 20. Rh3 Qg7 21. Rdh1 Nd7 22. Nxe6 fxe6 23. Bxe6+ Kh8 24. Rxh7+ Qxh7 25. Rxh7+ Kxh7 26. Qh2+ 1-0

[Event "CAN-op"]
[Site "Vancouver CAN"]
[Date "1999.07.02"]
[Round "1"]
[White "Berrocoso, Tony"]
[Black "Orlov, Georgi"]
[Result "0-1"]
[WhiteElo "2094"]
[BlackElo "2600"]
[PlyCount "58"]
[GameId "2160767911742988"]
[EventDate "1999.07.02"]
[EventType "swiss"]
[EventRounds "11"]
[EventCountry "CAN"]
[SourceTitle "CA OP"]
[Source "ade"]

1. c4 Nc6 2. Nc3 Nf6 3. d4 e5 4. d5 Ne7 5. Qc2 Ng6 6. a3 c6 7. Nf3 cxd5 8. Nxd5 Nxd5 9. cxd5 d6 10. e3 Be7 11. Bd2 O-O 12. Be2 f5 13. O-O Bf6 14. Bc3 Bd7 15. Qb3 b5 16. Rac1 Qb8 17. Ba5 e4 18. Nd2 Be5 19. Rc7 Qe8 20. Rfc1 f4 21. Bh5 fxe3 22. Qxe3 Bf4 23. Qd4 e3 24. Bc3 exf2+ 25. Kf1 Be5 26. Qe3 Bxc3 27. R1xc3 b4 28. Rxd7 bxc3 29. Qxe8 Raxe8 0-1

[Event "CAN-op"]
[Site "Vancouver CAN"]
[Date "1999.07.02"]
[Round "1"]
[White "Bouvier, Jesse"]
[Black "Saidy, Anthony"]
[Result "0-1"]
[WhiteElo "2072"]
[BlackElo "2389"]
[PlyCount "94"]
[GameId "2160767911742989"]
[EventDate "1999.07.02"]
[EventType "swiss"]
[EventRounds "11"]
[EventCountry "CAN"]
[SourceTitle "CA OP"]
[Source "ade"]

1. e4 c5 2. Nf3 d6 3. Bb5+ Nd7 4. c3 Ngf6 5. Qe2 Qc7 6. a4 a6 7. Bc4 Nb6 8. Bb3 c4 9. Bc2 Bg4 10. h3 Bxf3 11. Qxf3 g6 12. Qe2 Bg7 13. a5 Nbd7 14. Ra4 b5 15. axb6 Nxb6 16. Na3 Nxa4 17. Bxa4+ Kf8 18. Nxc4 Bh6 19. Ne3 Qa5 20. b3 Kg7 21. Ng4 Nxg4 22. hxg4 Rhc8 23. Qd3 Bg5 24. O-O Bf6 25. f4 g5 26. e5 dxe5 27. fxg5 Qb6+ 28. Kh1 Bxg5 29. Rxf7+ Kxf7 30. Qxh7+ Kf8 31. Qh8+ Kf7 32. Qh7+ Kf6 33. Qf5+ Kg7 34. Qxg5+ Kf7 35. Qf5+ Qf6 36. Bd7 Qxf5 37. gxf5 Kf6 38. Bxc8 Rxc8 39. Kg1 Kxf5 40. Kf2 a5 41. Ba3 Rd8 42. Ke3 Rg8 43. Bxe7 Rb8 44. Bd6 Rxb3 45. g4+ Ke6 46. Bc7 a4 47. Ke4 Rb5 0-1

[Event "CAN-op"]
[Site "Vancouver CAN"]
[Date "1999.07.02"]
[Round "1"]
[White "Cummings, David"]
[Black "Kleist, Frederick"]
[Result "1-0"]
[WhiteElo "2385"]
[BlackElo "2061"]
[PlyCount "111"]
[GameId "2160767911742990"]
[EventDate "1999.07.02"]
[EventType "swiss"]
[EventRounds "11"]
[EventCountry "CAN"]
[SourceTitle "CA OP"]
[Source "ade"]

1. d4 Nf6 2. Nf3 g6 3. c4 Bg7 4. Nc3 d5 5. Bf4 c5 6. dxc5 Be6 7. e3 Nc6 8. Nd4 O-O 9. Be2 Nxd4 10. exd4 dxc4 11. Be5 Nd5 12. Bxg7 Kxg7 13. Qd2 Qa5 14. Bxc4 Rfd8 15. O-O Nxc3 16. Bxe6 fxe6 17. Qxc3 Qxc3 18. bxc3 e5 19. Rfe1 Rd5 20. Rab1 b6 21. Rxe5 Rxe5 22. dxe5 Rd8 23. cxb6 axb6 24. Kf1 Rd2 25. Rxb6 Rxa2 26. Rb5 Rc2 27. Rc5 g5 28. h3 h5 29. Rc8 Kf7 30. g3 Ra2 31. Rh8 Rc2 32. Rh7+ Kg6 33. Rxe7 Rxc3 34. Kg2 g4 35. h4 Rc1 36. Re6+ Kg7 37. Rf6 Re1 38. Rf5 Kg6 39. Rg5+ Kh6 40. f4 Re2+ 41. Kf1 Re3 42. Kf2 Re4 43. Rf5 Kg6 44. Rf6+ Kg7 45. Ra6 Kh7 46. Ra2 Kg7 47. Re2 Ra4 48. f5 Ra5 49. Re3 Ra2+ 50. Ke1 Kf8 51. e6 Ra5 52. f6 Rf5 53. e7+ Ke8 54. Re6 Rf3 55. Ke2 Rf5 56. Ra6 1-0

[Event "CAN-op"]
[Site "Vancouver CAN"]
[Date "1999.07.02"]
[Round "1"]
[White "Fairbairn, Stephen"]
[Black "Fuentebella, Mayo"]
[Result "0-1"]
[WhiteElo "2028"]
[BlackElo "2332"]
[PlyCount "62"]
[GameId "2160767911742991"]
[EventDate "1999.07.02"]
[EventType "swiss"]
[EventRounds "11"]
[EventCountry "CAN"]
[SourceTitle "CA OP"]
[Source "ade"]

1. e4 e6 2. d4 d5 3. Nd2 Nf6 4. e5 Nfd7 5. Bd3 c5 6. c3 Nc6 7. Ne2 a6 8. O-O b5 9. Nf3 Bb7 10. Ng3 Qb6 11. Be3 g6 12. Ne2 b4 13. Rc1 a5 14. Re1 Ba6 15. c4 dxc4 16. Bxc4 Bxc4 17. Rxc4 Qb5 18. Rc1 c4 19. Nf4 Nb6 20. Qe2 a4 21. Ng5 Be7 22. Ne4 Na5 23. Nd6+ Bxd6 24. exd6 O-O 25. b3 axb3 26. axb3 Nxb3 27. Rb1 Qc6 28. d5 Nxd5 29. Nxd5 exd5 30. Bh6 Rfe8 31. Qb2 d4 0-1

[Event "CAN-op"]
[Site "Vancouver CAN"]
[Date "1999.07.02"]
[Round "1"]
[White "Fullbrook, Nigel"]
[Black "Knapper, Brian"]
[Result "1-0"]
[WhiteElo "2351"]
[BlackElo "2054"]
[PlyCount "45"]
[GameId "2160767911742992"]
[EventDate "1999.07.02"]
[EventType "swiss"]
[EventRounds "11"]
[EventCountry "CAN"]
[SourceTitle "CA OP"]
[Source "ade"]

1. e4 e5 2. Nf3 Nc6 3. d4 exd4 4. c3 d5 5. exd5 Qxd5 6. cxd4 Bg4 7. Be2 O-O-O 8. Nc3 Bb4 9. O-O Bxc3 10. bxc3 Nf6 11. h3 Bf5 12. c4 Qd6 13. d5 Ne5 14. Nd4 Bd7 15. Be3 Ne4 16. Qc2 f5 17. Rfd1 g5 18. Nb3 Qg6 19. c5 c6 20. Na5 Rde8 21. Qb2 cxd5 22. Qxb7+ Kd8 23. Rxd5 1-0

[Event "CAN-op"]
[Site "Vancouver CAN"]
[Date "1999.07.02"]
[Round "1"]
[White "Harris, Philip"]
[Black "Gufeld, Eduard"]
[Result "0-1"]
[WhiteElo "2089"]
[BlackElo "2463"]
[PlyCount "100"]
[GameId "2160767911742993"]
[EventDate "1999.07.02"]
[EventType "swiss"]
[EventRounds "11"]
[EventCountry "CAN"]
[SourceTitle "CA OP"]
[Source "ade"]

1. e4 c5 2. c3 Nf6 3. e5 Nd5 4. d4 cxd4 5. Bc4 Nb6 6. Bb3 dxc3 7. Nxc3 Nc6 8. Nf3 d6 9. Bf4 Na5 10. Qe2 Nxb3 11. axb3 Be6 12. Nd4 Qd7 13. O-O Bg4 14. f3 dxe5 15. Bxe5 f6 16. fxg4 fxe5 17. Qxe5 Qd6 18. Qxd6 exd6 19. Rae1+ Kd8 20. Rf7 Nd7 21. Ne6+ Ke8 22. Rxf8+ Nxf8 23. Nc7+ Kd7 24. Nxa8 Ng6 25. Nb5 Rxa8 26. Rd1 Kc6 27. Nd4+ Kc5 28. Ne6+ Kb4 29. Rxd6 Kxb3 30. Rd2 b6 31. Nd4+ Kc4 32. Nf5 Ne5 33. h3 g6 34. Ne3+ Kb3 35. Kf2 Re8 36. Kg3 b5 37. Kf4 a5 38. h4 b4 39. Rd5 Nc6 40. Rc5 Re6 41. Nc4 a4 42. Kg5 Nd8 43. Rc7 Rc6 44. Na5+ Kxb2 45. Nxc6 Nxc6 46. Rxc6 a3 47. Kh6 a2 48. Ra6 a1=Q 49. Rxa1 Kxa1 50. Kxh7 b3 0-1

[Event "CAN-op"]
[Site "Vancouver CAN"]
[Date "1999.07.02"]
[Round "1"]
[White "Heyl, Thomas"]
[Black "Huber, Gregory"]
[Result "0-1"]
[WhiteElo "2063"]
[BlackElo "2209"]
[PlyCount "71"]
[GameId "2160767911742994"]
[EventDate "1999.07.02"]
[EventType "swiss"]
[EventRounds "11"]
[EventCountry "CAN"]
[SourceTitle "EXT 2000"]
[Source "ChessBase"]
[SourceDate "1999.11.18"]
[SourceVersion "1"]
[SourceVersionDate "1999.11.18"]
[SourceQuality "1"]

1. d4 Nf6 2. Nf3 c5 3. c3 b6 4. Bg5 h6 5. Bh4 Bb7 6. e3 e6 7. Nbd2 Be7 8. Bg3 O-O 9. Bd3 Nc6 10. O-O Rc8 11. h3 d6 12. Re1 Rc7 13. Nc4 Rd7 14. a4 Qa8 15. a5 b5 16. a6 bxc4 17. axb7 Rxb7 18. Bxc4 Rxb2 19. Qa4 cxd4 20. Nxd4 Rc8 21. Ba6 Rc7 22. Nb5 Rd7 23. Qa3 Rd2 24. Qc1 Rd5 25. e4 Rc5 26. Qe3 Ne5 27. Nd4 Rdc7 28. Nb5 R7c6 29. Rec1 Rb6 30. Bxe5 Rxe5 31. Nc7 Qc6 32. Nxe6 fxe6 33. Bd3 Nxe4 34. Rxa7 Bg5 35. f4 Nxc3 36. Qd2 0-1

[Event "CAN-op"]
[Site "Vancouver CAN"]
[Date "1999.07.02"]
[Round "1"]
[White "Hladek, David"]
[Black "Lipnowski, Irwin"]
[Result "0-1"]
[WhiteElo "2044"]
[BlackElo "2347"]
[PlyCount "43"]
[GameId "2160767911742995"]
[EventDate "1999.07.02"]
[EventType "swiss"]
[EventRounds "11"]
[EventCountry "CAN"]
[SourceTitle "CA OP"]
[Source "ade"]

1. Nf3 Nf6 2. g3 b6 3. Bg2 Bb7 4. O-O e6 5. c4 Be7 6. b3 O-O 7. Bb2 d6 8. d4 Nbd7 9. Nc3 c5 10. Ne1 Bxg2 11. Nxg2 cxd4 12. Qxd4 a6 13. Ne3 Qc7 14. Rac1 Qb7 15. Rfd1 Rfd8 16. Qd2 b5 17. Qe1 Rac8 18. Qf1 bxc4 19. Nxc4 Rxc4 20. bxc4 Qxb2 21. e4 Rc8 22. f4 0-1